| 000 | 01107cam a2200325 a 4500 | ||
|---|---|---|---|
| 999 |
_c531726 _d531726 |
||
| 001 | 16072696 | ||
| 003 | NUST | ||
| 005 | 20191024123313.0 | ||
| 008 | 100128s2010 fluab b 001 0 eng | ||
| 010 | _a 2010000994 | ||
| 015 |
_aGBB033811 _2bnb |
||
| 016 | 7 |
_a015500084 _2Uk |
|
| 020 | _a9781439815557 (alk. paper) | ||
| 020 | _a1439815550 (alk. paper) | ||
| 035 | _a(OCoLC)ocn318414856 | ||
| 038 | _aMSOHAIL | ||
| 040 |
_aDLC _cDLC _dYDX _dBTCTA _dUKM _dYDXCP _dCDX _dDLC |
||
| 050 | 0 | 0 |
_aGB1005 _b.S64 2010 |
| 082 | 0 | 0 |
_a628.114 _222 |
| 100 | 1 |
_aSoliman, Mostafa M. _q(Mostafa Mohammed) _95976 |
|
| 245 | 1 | 0 |
_aEngineering hydrology of arid and semi-arid regions / _cMostafa M. Soliman. |
| 260 |
_aBoca Raton, FL : _bCRC Press, _cc2010. |
||
| 300 |
_axvi, 395 p. : _bill., maps ; _c25 cm. |
||
| 504 | _aIncludes bibliographical references and index. | ||
| 650 | 0 |
_aHydrogeology. _92321 |
|
| 650 | 0 |
_aHydraulic engineering. _93526 |
|
| 906 |
_a7 _bcbc _corignew _d1 _eecip _f20 _gy-gencatlg |
||
| 942 |
_2ddc _cBK |
||